| 000 | 00760nam a22001937a 4500 | ||
|---|---|---|---|
| 003 | OSt | ||
| 005 | 20240605143636.0 | ||
| 008 | 240605b ||||| |||| 00| 0 eng d | ||
| 040 | _cAIMIT LIBRARY | ||
| 100 |
_aRavindran, Shilpa. _e2016126 _9169393 |
||
| 245 |
_aStudy on the impact of social media marketing on consumer buying behaviour with special reference to iforts company Tamil Nadu / _cBy Shilpa Ravindran ; Guided by Ravi Kudtarkar. |
||
| 260 |
_aTamilnadu ; _c2022. |
||
| 650 |
_aIndustry profile company profile and introduction to study _9169394 |
||
| 650 |
_aResearch methodology _9169395 |
||
| 650 |
_aData analysis and interpretation _9169396 |
||
| 700 |
_aKudtarkar, Ravi. _eGuide _9169397 |
||
| 856 | _3Ifortis world wide | ||
| 942 |
_2ddc _cPRO |
||
| 999 |
_c231041 _d231041 |
||